The inheritors
Novela que narra la vida de un grupo de neandertales, desde una reconstrucción imaginativa donde muestra tener varias habilidades mentales y espirituales, así como sus antiguos rituales. Pero al pasar el tiempo, se va revelando que no son los únicos habitando ese mundo, también están los homos sapie...
Sábháilte in:
| Príomhchruthaitheoir: | |
|---|---|
| Formáid: | LEABHAR |
| Teanga: | Undetermined |
| Foilsithe / Cruthaithe: |
New York, Estados Unidos
Giant Cardinal
1963
|
| Ábhair: | |
| Clibeanna: |
Cuir clib leis
Níl clibeanna ann, Bí ar an gcéad duine le clib a chur leis an taifead seo!
|
MARC
| LEADER | 00000nam a2200000Ia 4500 | ||
|---|---|---|---|
| 008 | 170316s9999 xx 000 0 und d | ||
| 040 | |a cru BVZT | ||
| 090 | |a 820 G-8i | ||
| 100 | |a Goldin, William |9 840 | ||
| 245 | 4 | |a The inheritors |c / William Goldin | |
| 260 | |a New York, Estados Unidos | ||
| 260 | |b Giant Cardinal | ||
| 260 | |c 1963 | ||
| 300 | |a 213 páginas | ||
| 520 | |a Novela que narra la vida de un grupo de neandertales, desde una reconstrucción imaginativa donde muestra tener varias habilidades mentales y espirituales, así como sus antiguos rituales. Pero al pasar el tiempo, se va revelando que no son los únicos habitando ese mundo, también están los homos sapiens modernos, y que este grupo de neandertales son los últimos de sus especie hasta extinguirse y traspasar a una nueva era liderada por los homos sapiens modernos. | ||
| 650 | |a LITERATURA INGLESA |9 12 | ||
| 650 | |a EN IDIOMA INGLÉS |9 129 | ||
| 650 | |a NOVELA |9 13 | ||
| 999 | |c 6908 |d 6908 | ||
| 942 | |c 15 D |h 820 G-8i |2 z | ||
